[Event "Tournament 14473 - Europe Echecs"]
[Site "Europe Echecs"]
[Date "2020.07.11"]
[Round "9"]
[Time "18:18:03"]
[PlyCount "163"]
[White "LecciaAntoine"]
[Black "BoscGabriel"]
[WhiteElo "1950"]
[BlackElo "1994"]
[Mode "WEB"]
[Result "0-1"]

1. d4 Nf6 2. Nf3 e6 3. e3 c5 4. Bd3 d5 5. b3 Bd6 6. O-O Nc6 7. Bb2 O-O 8. Nbd2
b6 9. dxc5 bxc5 10. e4 d4 11. Bb5 Ne5 12. Nxe5 Bxe5 13. Bd3 Qc7 14. g3 Bd6 15.
f4 Be7 16. Qe2 Bb7 17. Rae1 Rfe8 18. h3 Rab8 19. Kh2 Bc6 20. Bc1 Bf8 21. a4 Rbd8
22. Nc4 Nd7 23. Qg4 Nf6 24. Qe2 Nd7 25. Qf2 Nf6 26. Ne5 Bb7 27. Nc4 Bc6 28. Bd2
Rc8 29. Ba5 Qb7 30. Bd2 Bxe4 31. Bxe4 Nxe4 32. Qg2 Nd6 33. Qe2 Nxc4 34. Qxc4 Qd5
35. Qa6 Qd7 36. Re2 Bd6 37. Rfe1 Bb8 38. Re4 Qc6 39. Qe2 a6 40. f5 e5 41. Qg4 f6
42. Bh6 Qb7 43. Bd2 c4 44. bxc4 Rxc4 45. c3 Rd8 46. h4 Ba7 47. h5 Qb2 48. Qe2
Rc6 49. cxd4 Rxd4 50. Rxd4 Bxd4 51. Qd3 Qc2 52. Qe2 Qxf5 53. Rf1 Qc2 54. h6 Qg6
55. hxg7 Kxg7 56. Rc1 Rxc1 57. Bxc1 Qb1 58. Qg4+ Qg6 59. Qd7+ Qf7 60. Qg4+ Kh8
61. Qc8+ Kg7 62. Qg4+ Kh8 63. Qc8+ Kg7 64. Qxa6 Qa2+ 65. Kh3 Qf2 66. Qb7+ Kg6
67. Qe4+ Qf5+ 68. Qxf5+ Kxf5 69. a5 Ba7 70. a6 e4 71. Kg2 Kg4 72. Bf4 h5 73. Bd2
f5 74. Bc1 h4 75. gxh4 Kxh4 76. Kf1 Kg3 77. Ke2 f4 78. Kf1 f3 79. Bd2 e3 80.
Be1+ f2 81. Bb4 Kf3 {LecciaAntoine a abandonné} 0-1

[Event "Tournament 14473 - Europe Echecs"]
[Site "Europe Echecs"]
[Date "2020.07.11"]
[Round "9"]
[Time "18:18:03"]
[PlyCount "137"]
[White "LecciaThomas"]
[Black "ChabaudMathis"]
[WhiteElo "1893"]
[BlackElo "1920"]
[Mode "WEB"]
[Result "0-1"]

1. e4 c5 2. Nf3 Nc6 3. Bb5 d6 4. O-O Bd7 5. Re1 Nf6 6. c3 a6 7. Bf1 Bg4 8. h3
Bxf3 9. Qxf3 g6 10. d3 Bg7 11. Bg5 O-O 12. Nd2 h6 13. Be3 Nd7 14. Nb3 b5 15. d4
cxd4 16. cxd4 Rc8 17. Rad1 Na5 18. Nxa5 Qxa5 19. a3 Rc2 20. Re2 Rfc8 21. Bd2 Qd8
22. Bc3 Rxe2 23. Qxe2 e5 24. Qd2 Rc6 25. dxe5 Nxe5 26. f4 Nc4 27. Bxc4 Rxc4 28.
Bxg7 Kxg7 29. Qxd6 Qxd6 30. Rxd6 Rxe4 31. g3 Re2 32. b4 Re3 33. Rxa6 Rxg3+ 34.
Kh2 Rf3 35. Ra5 h5 36. Rxb5 Rxa3 37. Rc5 Rb3 38. Rc4 Kf6 39. Rc5 Rxb4 40. Rc6+
Kf5 41. Rc7 f6 42. Kg3 Rb3+ 43. Kg2 Kxf4 44. Rc6 Rb2+ 45. Kf1 Kg5 46. Rc5+ f5
47. Rc6 Rh2 48. Rc3 f4 49. Rf3 Rd2 50. Kg1 Kf5 51. Kf1 g5 52. Ra3 Rd5 53. Kg2 g4
54. hxg4+ hxg4 55. Kf2 Ke4 56. Ra4+ Rd4 57. Ra3 Rd2+ 58. Kf1 Rd3 59. Ra4+ Kf3
60. Ra1 g3 61. Kg1 Kg4 62. Ra4 Rf3 63. Kg2 Rf2+ 64. Kg1 Kh3 65. Rb4 f3 66. Ra4
Rd2 67. Ra1 f2+ 68. Kf1 g2# {LecciaThomas est échec et mat} 0-1

[Event "Tournament 14473 - Europe Echecs"]
[Site "Europe Echecs"]
[Date "2020.07.11"]
[Round "9"]
[Time "18:18:03"]
[PlyCount "70"]
[White "FrancoisGwlady"]
[Black "DecurningeBric"]
[WhiteElo "1816"]
[BlackElo "1582"]
[Mode "WEB"]
[Result "1-0"]

1. e4 e6 2. d4 d5 3. Nd2 Nf6 4. e5 Nfd7 5. Bd3 c5 6. c3 Nc6 7. Ne2 cxd4 8. cxd4
f6 9. exf6 Nxf6 10. Nf3 Bd6 11. O-O O-O 12. Bf4 Bxf4 13. Nxf4 Ne4 14. Qc1 Qd6
15. Ne2 Bd7 16. Qe3 Nf6 17. Ne5 Nb4 18. a3 Nxd3 19. Qxd3 Rac8 20. Rfe1 Qb6 21.
Nxd7 Nxd7 22. b4 Rc4 23. Rf1 Nf6 24. Rad1 Rfc8 25. Qh3 Ne4 26. Nf4 Re8 27. Qe3
Rc3 28. Rd3 Rec8 29. f3 Rxd3 30. Nxd3 Nf6 31. Nc5 Kf7 32. Re1 Re8 33. Qe5 Re7
34. g4 Nd7 35. Qh5+ {DecurningeBric a perdu au temps} 1-0

[Event "Tournament 14473 - Europe Echecs"]
[Site "Europe Echecs"]
[Date "2020.07.11"]
[Round "9"]
[Time "18:18:03"]
[PlyCount "42"]
[White "ParisRomain"]
[Black "CombaudonNatha"]
[WhiteElo "1486"]
[BlackElo "1805"]
[Mode "WEB"]
[Result "1-0"]

1. d4 d5 2. c4 dxc4 3. e3 e5 4. Bxc4 exd4 5. Nf3 Nc6 6. exd4 Bb4+ 7. Nc3 Nf6 8.
O-O O-O 9. Bg5 Bg4 10. Nd5 Be7 11. Nxe7+ Qxe7 12. Re1 Qd6 13. d5 Ne7 14. Qb3 b6
15. Ne5 Bh5 16. Qg3 Rad8 17. Bf4 Qb4 18. Rac1 Nexd5 19. Nc6 Qxb2 20. Nxd8 Rxd8
21. Be5 {CombaudonNatha a abandonné} 1-0

[Event "Tournament 14473 - Europe Echecs"]
[Site "Europe Echecs"]
[Date "2020.07.11"]
[Round "9"]
[Time "18:18:03"]
[PlyCount "146"]
[White "KrivcenkoAlexa"]
[Black "BenamarRayan"]
[WhiteElo "1795"]
[BlackElo "1558"]
[Mode "WEB"]
[Result "1-0"]

1. d4 d5 2. c4 e6 3. Nf3 f5 4. g3 Nf6 5. Bg2 Bd6 6. O-O O-O 7. Nbd2 c6 8. Ne5
Nbd7 9. Ndf3 Ne4 10. Qc2 Qf6 11. Bf4 Bxe5 12. Nxe5 g5 13. Nxd7 Bxd7 14. Be5 Qf7
15. c5 Nf6 16. Qd2 h6 17. h4 Qg6 18. hxg5 hxg5 19. Qb4 Rab8 20. Bxb8 Rxb8 21. a4
Qh5 22. Qc3 Ng4 23. Rfe1 Kf7 24. Qf3 Qh2+ 25. Kf1 Qh5 26. Qd3 Nh2+ 27. Kg1 Ng4
28. f3 Qh2+ 29. Kf1 Nf6 30. Kf2 Qh6 31. Rh1 Qg7 32. Rh2 Rh8 33. Rah1 Rxh2 34.
Rxh2 g4 35. Rh1 Be8 36. Qe3 Ng8 37. Qe5 Qxe5 38. dxe5 Kg7 39. e4 gxf3 40. Bxf3
fxe4 41. Bg4 Bd7 42. Ke3 Nh6 43. Rh4 Nf5+ 44. Bxf5 exf5 45. Kf4 d4 46. g4 fxg4
47. Kxe4 g3 48. Rh1 Be6 49. Rg1 Bd5+ 50. Kxd4 g2 51. Ke3 Kf7 52. Kf4 Ke6 53. b4
b6 54. cxb6 axb6 55. a5 bxa5 56. bxa5 c5 57. Kg3 Kxe5 58. a6 c4 59. a7 c3 60.
Rc1 c2 61. Kf2 Kd6 62. Rxc2 g1=Q+ 63. Kxg1 Kd7 64. Rd2 Kc7 65. Rxd5 Kb7 66. Ra5
Ka8 67. Kf2 Kb7 68. a8=Q+ Kc7 69. Rc5+ Kd7 70. Qb7+ Kd6 71. Qb6+ Kd7 72. Rc7+
Kd8 73. Qb8# {BenamarRayan est échec et mat} 1-0

[Event "Tournament 14473 - Europe Echecs"]
[Site "Europe Echecs"]
[Date "2020.07.11"]
[Round "9"]
[Time "18:18:03"]
[PlyCount "46"]
[White "BuffinJean"]
[Black "LeforestierEnz"]
[WhiteElo "1711"]
[BlackElo "1350"]
[Mode "WEB"]
[Result "1-0"]

1. d4 Nf6 2. c4 g6 3. Nc3 Bg7 4. e4 d6 5. f3 O-O 6. Be3 Nbd7 7. Qd2 e5 8. d5 a5
9. Nge2 Nc5 10. g4 h5 11. h3 Bd7 12. Ng3 h4 13. Nge2 a4 14. Bg5 Qe7 15. Bxh4 c6
16. Bg5 cxd5 17. Nxd5 Qd8 18. Nec3 Ne6 19. h4 Nd4 20. Be2 Qa5 21. Nxf6+ Bxf6 22.
Bxf6 Ne6 23. Qh6 {LeforestierEnz a abandonné} 1-0

[Event "Tournament 14473 - Europe Echecs"]
[Site "Europe Echecs"]
[Date "2020.07.11"]
[Round "9"]
[Time "18:18:03"]
[PlyCount "73"]
[White "HalilovicDario"]
[Black "ShvedJakov"]
[WhiteElo "1170"]
[BlackElo "1667"]
[Mode "WEB"]
[Result "0-1"]

1. e4 d5 2. exd5 Nf6 3. Nc3 Nxd5 4. Nxd5 Qxd5 5. d4 Nc6 6. Nf3 Bg4 7. Be2 O-O-O
8. Be3 e5 9. dxe5 Qxd1+ 10. Rxd1 Rxd1+ 11. Bxd1 Bxf3 12. Bxf3 Nxe5 13. Bxa7
Nxf3+ 14. gxf3 b6 15. O-O Kb7 16. Bxb6 Kxb6 17. Rd1 Bd6 18. a4 Re8 19. c3 Re2
20. b4 Ra2 21. a5+ Kb5 22. Rd3 Kc4 23. Re3 Ra3 24. Re4+ Kxc3 25. Rg4 g6 26. b5
Rxa5 27. Rg5 Kc4 28. Kg2 Rxb5 29. Rxb5 Kxb5 30. Kh3 c5 31. Kg2 c4 32. Kf1 c3 33.
Ke2 Kb4 34. Kd1 Kb3 35. Kc1 c2 36. h4 Bf4# {HalilovicDario est échec et mat} 0-1

[Event "Tournament 14473 - Europe Echecs"]
[Site "Europe Echecs"]
[Date "2020.07.11"]
[Round "9"]
[Time "18:18:03"]
[PlyCount "79"]
[White "RusuCarloman"]
[Black "GuitouniSoha"]
[WhiteElo "1357"]
[BlackElo "1780"]
[Mode "WEB"]
[Result "0-1"]

1. e4 c6 2. d4 d5 3. Nc3 dxe4 4. Nxe4 Bf5 5. Ng3 Bg6 6. Nf3 Nd7 7. Bd3 e6 8. O-O
Bd6 9. Re1 Ngf6 10. Nf5 Bxf5 11. Bxf5 O-O 12. Bd3 Qc7 13. c4 c5 14. b3 cxd4 15.
Bb2 e5 16. Qc2 Nc5 17. Bf5 g6 18. Bh3 a5 19. a3 Ncd7 20. Qd2 Rfe8 21. Qh6 Bf8
22. Qh4 Bg7 23. Bc1 a4 24. b4 Qxc4 25. Bh6 Rad8 26. Rac1 Qd5 27. Bxg7 Kxg7 28.
Rc7 Rc8 29. Rec1 Rxc7 30. Rxc7 d3 31. Ng5 Rh8 32. Bxd7 Nxd7 33. Qg4 f5 34. Qd1
Re8 35. Qxa4 Re7 36. Rc1 e4 37. Qa8 d2 38. Rd1 Qb3 39. Qd8 Qxd1# {RusuCarloman est échec et mat} 0-1

[Event "Tournament 14473 - Europe Echecs"]
[Site "Europe Echecs"]
[Date "2020.07.11"]
[Round "9"]
[Time "18:18:03"]
[PlyCount "138"]
[White "BruneauLilian"]
[Black "RubsamenAnais"]
[WhiteElo "1386"]
[BlackElo "1692"]
[Mode "WEB"]
[Result "1-0"]

1. d4 Nf6 2. Bg5 c6 3. Nf3 g6 4. Qc1 Bg7 5. Bh6 O-O 6. Bxg7 Kxg7 7. h4 h5 8. Qg5
d5 9. e3 Bf5 10. c3 Qb6 11. b3 Qa5 12. b4 Qc7 13. Be2 Bxb1 14. Rxb1 Ne4 15. Qe5+
Qxe5 16. Nxe5 Nxc3 17. Rb2 Nxe2 18. Kxe2 f6 19. Nf3 Nd7 20. Rg1 Nb6 21. Nh2 Nc4
22. Rc2 Na3 23. Rc3 Nb5 24. Rc2 e5 25. dxe5 fxe5 26. g4 hxg4 27. Nxg4 Rae8 28.
a4 Nd6 29. h5 gxh5 30. Nxe5+ Kh7 31. Nd7 Ne4 32. Nxf8+ Rxf8 33. f3 Nd6 34. Rh1
Kh6 35. Rh3 Nf5 36. Kd3 Re8 37. e4 dxe4+ 38. fxe4 Ng7 39. Rg2 Ne6 40. Ke3 Ng5
41. Rh4 Rf8 42. Rg3 Ne6 43. Rgh3 Ng7 44. Rf3 Re8 45. Rhf4 Ne6 46. Rf6+ Kg7 47.
Rf7+ Kg8 48. R7f5 Ng7 49. Rg3 Kh7 50. Rfg5 Re7 51. e5 Kh6 52. Ke4 h4 53. R3g4 h3
54. Kf3 h2 55. Kg2 Ne6 56. Rg6+ Kh7 57. Kxh2 Ng7 58. R6g5 Kh6 59. Kg3 Nh5+ 60.
Kf3 Rf7+ 61. Ke4 Re7 62. Rg6+ Kh7 63. e6 Ng7 64. Ke5 Nh5 65. Kd6 Re8 66. Kd7
Nf6+ 67. Rxf6 Ra8 68. Rf2 Kh6 69. Rh2# {RubsamenAnais est échec et mat} 1-0

[Event "Tournament 14473 - Europe Echecs"]
[Site "Europe Echecs"]
[Date "2020.07.11"]
[Round "9"]
[Time "18:18:03"]
[PlyCount "38"]
[White "ParalieuMaxime"]
[Black "SoaresDeMeloNa"]
[WhiteElo "1569"]
[BlackElo "1183"]
[Mode "WEB"]
[Result "1-0"]

1. d4 Nf6 2. c4 e6 3. Nf3 c5 4. g3 cxd4 5. Nxd4 Nc6 6. Nc3 Bb4 7. Bg2 Qa5 8.
Ndb5 a6 9. Nd6+ Bxd6 10. Qxd6 Nb4 11. O-O b5 12. Bd2 Nc6 13. Nxb5 Qd8 14. Nc7+
Qxc7 15. Qxc7 Ke7 16. Bxc6 Bb7 17. Bb4+ Ke8 18. Qxb7 dxc6 19. Qe7# {SoaresDeMeloNa est échec et mat} 1-0

[Event "Tournament 14473 - Europe Echecs"]
[Site "Europe Echecs"]
[Date "2020.07.11"]
[Round "9"]
[Time "18:18:03"]
[PlyCount "48"]
[White "GavilaQuentin"]
[Black "KrzymanskiLeo"]
[WhiteElo "1199"]
[BlackElo "1506"]
[Mode "WEB"]
[Result "1-0"]

1. e4 c5 2. d4 cxd4 3. c3 dxc3 4. Nxc3 Nc6 5. Bc4 g6 6. Nf3 Bg7 7. O-O e6 8. Bf4
Nge7 9. Nb5 e5 10. Nd6+ Kf8 11. Nxf7 Qa5 12. Bg5 Rg8 13. Nh6 Rh8 14. Nf7 Qb4 15.
b3 b5 16. Bd5 Nxd5 17. Qxd5 Rb8 18. Nd6 Nd8 19. Bxd8 Qxd6 20. Qxd6+ Kg8 21. Qxb8
Bh6 22. Qxc8 Kf7 23. Qxd7+ Kg8 24. Nxe5 {KrzymanskiLeo a abandonné} 1-0

[Event "Tournament 14473 - Europe Echecs"]
[Site "Europe Echecs"]
[Date "2020.07.11"]
[Round "9"]
[Time "18:18:03"]
[PlyCount "61"]
[White "GerardKelian"]
[Black "WittenbergSere"]
[WhiteElo "1056"]
[BlackElo "1447"]
[Mode "WEB"]
[Result "0-1"]

1. d4 Nf6 2. c4 e6 3. Nc3 Bb4 4. a3 Bxc3+ 5. bxc3 c5 6. Nf3 O-O 7. e3 Nc6 8. Bd3
b6 9. e4 Ne8 10. e5 Ba6 11. Bxh7+ Kxh7 12. Ng5+ Kg6 13. Qd3+ f5 14. exf6+ Kxf6
15. Nh7+ Kf7 16. Qf3+ Nf6 17. Bg5 Kg8 18. Nxf8 Qxf8 19. O-O Bxc4 20. Rfe1 Bd5
21. Qg3 Ne4 22. Rxe4 Bxe4 23. Bh6 Qf6 24. Bg5 Qf8 25. Bh6 cxd4 26. cxd4 Nxd4 27.
Qg4 Nf5 28. Bxg7 Qxg7 29. Qxe4 Qxa1+ 30. Qb1 Qxb1# {GerardKelian est échec et mat} 0-1

[Event "Tournament 14473 - Europe Echecs"]
[Site "Europe Echecs"]
[Date "2020.07.11"]
[Round "9"]
[Time "18:18:03"]
[PlyCount "74"]
[White "BruguierFloria"]
[Black "YaylaElif"]
[WhiteElo "1422"]
[BlackElo "1199"]
[Mode "WEB"]
[Result "1-0"]

1. e4 e6 2. d4 d5 3. e5 c5 4. c3 cxd4 5. cxd4 Nc6 6. Nf3 Bd7 7. Be2 f6 8. O-O
Nge7 9. Be3 Ng6 10. exf6 Qxf6 11. Nc3 a6 12. Rc1 Bd6 13. Re1 O-O 14. Bd3 Nf4 15.
Qc2 Nxd3 16. Qxd3 h6 17. a3 Be8 18. b4 Bg6 19. Qe2 b5 20. Ne5 Nxe5 21. dxe5 Bxe5
22. Bd2 Bxc3 23. Bxc3 Qf7 24. Qg4 Qxf2+ 25. Kh1 Qf5 26. Qd4 Qf6 27. Qxf6 gxf6
28. Rxe6 Kg7 29. Rd6 Bh5 30. Rxd5 Bf7 31. Rd6 Bc4 32. Kg1 Kg6 33. Re1 Kg5 34.
Re3 f5 35. Bd2 Kh5 36. Rh3+ Kg4 37. Rg6# {YaylaElif est échec et mat} 1-0

[Event "Tournament 14473 - Europe Echecs"]
[Site "Europe Echecs"]
[Date "2020.07.11"]
[Round "9"]
[Time "18:18:03"]
[PlyCount "50"]
[White "EricAndrianaFi"]
[Black "LiJacques"]
[WhiteElo "1401"]
[BlackElo "1076"]
[Mode "WEB"]
[Result "1-0"]

1. e4 c5 2. d3 Nc6 3. g3 Nf6 4. Bg2 d5 5. exd5 Nxd5 6. Nf3 Bg4 7. Nbd2 e6 8. O-O
Bd6 9. h3 Bxf3 10. Nxf3 O-O 11. Be3 Nxe3 12. fxe3 Bxg3 13. Qe2 Rc8 14. h4 Bxh4
15. Nxh4 Qxh4 16. Rf4 Qg3 17. Rg4 Qe5 18. Kf2 Qxb2 19. Rh1 Qf6+ 20. Rf4 Qg6 21.
Be4 f5 22. Rg1 Qh5 23. Qxh5 fxe4 24. Qg4 e5 25. Qxg7# {LiJacques est échec et mat} 1-0

[Event "Tournament 14473 - Europe Echecs"]
[Site "Europe Echecs"]
[Date "2020.07.11"]
[Round "9"]
[Time "18:18:03"]
[PlyCount "50"]
[White "SwietlikCharle"]
[Black "ChelliliYounes"]
[WhiteElo "1388"]
[BlackElo "1101"]
[Mode "WEB"]
[Result "1-0"]

1. e4 e5 2. Nf3 Nc6 3. d4 d6 4. d5 Nce7 5. Nc3 Bg4 6. Bb5+ c6 7. dxc6 bxc6 8.
Bc4 Nf6 9. O-O Be6 10. Bb3 d5 11. exd5 cxd5 12. Nxe5 d4 13. Ba4+ Bd7 14. Nxd7
Nxd7 15. Qxd4 f6 16. Rd1 Kf7 17. Qxd7 Qa5 18. Qb5 Qc7 19. Bb3+ Kg6 20. Qd3+ Nf5
21. Nd5 Qe5 22. Nf4+ Kh6 23. Qh3+ Nh4 24. Qxh4+ Qh5 25. Qxh5# {ChelliliYounes est échec et mat} 1-0

[Event "Tournament 14473 - Europe Echecs"]
[Site "Europe Echecs"]
[Date "2020.07.11"]
[Round "9"]
[Time "18:18:03"]
[PlyCount "123"]
[White "LemiereCharlot"]
[Black "GroussetNathan"]
[WhiteElo "1351"]
[BlackElo "1476"]
[Mode "WEB"]
[Result "1/2-1/2"]

1. e4 c5 2. Nf3 g6 3. d4 cxd4 4. Nxd4 Bg7 5. Nc3 Nc6 6. Nb3 d6 7. Bc4 Nf6 8. O-O
O-O 9. h3 Bd7 10. Re1 a6 11. Bf4 Rc8 12. Rb1 e6 13. Bxd6 Re8 14. Bg3 Nb4 15. Nd2
b5 16. Bb3 Nc6 17. a3 Nh5 18. Bh2 Bxc3 19. bxc3 Na5 20. Qf3 Qg5 21. Rbd1 Qc5 22.
Nb1 Nc4 23. Rxd7 f5 24. exf5 exf5 25. Rxe8+ Rxe8 26. Bxc4+ Qxc4 27. Rd1 Nf6 28.
Bg3 Ne4 29. Nd2 Qxc3 30. Nxe4 Qxf3 31. gxf3 fxe4 32. fxe4 Rxe4 33. Rd6 Ra4 34.
Rd3 Rc4 35. Rd2 Rc3 36. Bd6 Rxh3 37. Kg2 Rh5 38. Bb4 Rg5+ 39. Kf3 Rf5+ 40. Kg3
Kf7 41. Rd7+ Kg8 42. Ra7 Rf6 43. c3 h5 44. Rd7 Re6 45. Rd6 Rxd6 46. Bxd6 Kf7 47.
Kf4 Ke6 48. Bb4 Kf6 49. Kg3 Kf5 50. Be7 g5 51. f3 g4 52. fxg4+ hxg4 53. Kf2 Kf4
54. Bd6+ Kg5 55. Kg3 Kf5 56. Bc7 Kg5 57. Kf2 Kh4 58. Bg3+ Kh3 59. Bc7 Kh4 60.
Ke3 Kh3 61. Kf2 Kh4 {Nulle par répétition} 1/2-1/2

[Event "Tournament 14473 - Europe Echecs"]
[Site "Europe Echecs"]
[Date "2020.07.11"]
[Round "9"]
[Time "18:18:03"]
[PlyCount "71"]
[White "LemaireVivien"]
[Black "MartignoniMarg"]
[WhiteElo "1471"]
[BlackElo "1500"]
[Mode "WEB"]
[Result "0-1"]

1. c4 e5 2. Nc3 Nf6 3. d3 Bc5 4. g3 d6 5. Bg2 Nc6 6. Bg5 h6 7. Bxf6 Qxf6 8. Ne4
Qf5 9. Nxc5 dxc5 10. Qa4 Bd7 11. Qb5 Nd4 12. Qxb7 O-O 13. Rb1 Nc2+ 14. Kd2 Nd4
15. Qxc7 Rac8 16. Qxa7 Be6 17. Be4 Qxf2 18. b4 cxb4 19. Rxb4 Nb3+ 20. Rxb3 Qxa7
21. Nf3 Qxa2+ 22. Kc3 Qxe2 23. Nxe5 f6 24. Ng6 Rfe8 25. Rb7 Bxc4 26. Ne7+ Rxe7
27. Rxe7 Bxd3+ 28. Kd4 Rc4+ 29. Kd5 Bxe4+ 30. Rxe4 Qxe4+ 31. Kd6 Qd3+ 32. Ke6
Re4+ 33. Kf5 Qf3+ 34. Kg6 Rg4+ 35. Kh5 Qf5# {LemaireVivien est échec et mat} 0-1

[Event "Tournament 14473 - Europe Echecs"]
[Site "Europe Echecs"]
[Date "2020.07.11"]
[Round "9"]
[Time "18:18:03"]
[PlyCount "75"]
[White "TaffouraudWill"]
[Black "AlsruheFelix"]
[WhiteElo "1199"]
[BlackElo "1213"]
[Mode "WEB"]
[Result "0-1"]

1. e4 e6 2. Nc3 d5 3. b3 dxe4 4. Nxe4 Nf6 5. Bd3 Nxe4 6. Bxe4 Qf6 7. Qg4 Qxa1 8.
c3 Qxc1+ 9. Qd1 Qxd1+ 10. Kxd1 Be7 11. Nf3 O-O 12. g3 c6 13. Ng5 h6 14. Bh7+ Kh8
15. Be4 Bxg5 16. Re1 Rd8 17. f4 Bf6 18. h4 e5 19. fxe5 Bxe5 20. g4 Bf4 21. d3
Bg3 22. Re3 Bxh4 23. c4 Bxg4+ 24. Kd2 Bg5 25. a4 Bxe3+ 26. Kxe3 Nd7 27. b4 Nf6
28. b5 cxb5 29. axb5 Re8 30. Kf4 Nxe4 31. Kxg4 Nc5 32. d4 Ne6 33. Kf5 g6+ 34.
Kf6 Kg8 35. d5 Nc5 36. d6 Rad8 37. d7 Re6# {TaffouraudWill est échec et mat} 0-1